| 000 | 00000nam 2200000za 4500 |
| 001 | 9.696982 |
| 003 | CaOODSP |
| 005 | 20250506145324 |
| 007 | cr ||||||||||| |
| 008 | 150407s1990||||onca|||#o f000 0 eng d |
| 020 | |q(bilingual print) |z0-662-57918-6 |
| 040 | |aCaOODSP|beng |
| 043 | |an-cn--- |
| 086 | 1 |aA61-13/1990E-PDF|zAG1-13/1990 |
| 110 | 1 |aCanada.|bAgriculture Canada. |
| 245 | 10|aHealth of animals |h[electronic resource] : |boverview |
| 250 | |a6th ed. |
| 260 | |aOttawa : |bAgriculture Canada |cc1990. |
| 300 | |a72p.|bgraphs, map, organization chart, tables, photographs |
| 500 | |aIssued also in French under title: Hygiene vétérinaire: revue. |
| 590 | |a12-43-Supp|b2012-12-07 |
| 690 | 07|aAnimal health|2gcpds |
| 775 | 08|tHygiène vétérinaire |w(CaOODSP)9.641057 |
| 776 | 0#|tHealth of animals: overview / |w(CaOODSP)9.654673 |
| 776 | 0#|tHygiène vétérinaire: revue / |w(CaOODSP)9.654674 |
| 856 | 40|ahttp://publications.gc.ca|qPDF|s4.73 MB|uhttps://publications.gc.ca/collections/collection_2012/agr/A61-13-1990-eng.pdf |